| 000 | 01107cam a22002411 4500 | ||
|---|---|---|---|
| 001 | 000016345 | ||
| 005 | 20200929164401.0 | ||
| 008 | 790223s1959 mx b 000 0 spa | ||
| 010 | _a60042576 | ||
| 035 | _a(OCoLC)4685276 | ||
| 040 |
_aDO-SdBNP _cMWalB _dDLC |
||
| 042 | _apremarc | ||
| 050 | 0 | 0 |
_aAC75 _b.G68 |
| 100 | 2 |
_aGonzalez Suarez, Federico, _d1844-1917. _94687 |
|
| 245 | 0 | 0 |
_aFederico Gonzalez Suarez. / _c[Estudios y selecciones de Carlos Manuel Larrea]. |
| 260 |
_aPuebla, : _bJ. M. Cajica Jr., _c[1959]. |
||
| 300 |
_a628 p. ; _c22 cm. |
||
| 490 | 0 | _aBiblioteca ecuatoriana minima. La colonia y la republica | |
| 504 | _aBibliographical footnotes. | ||
| 505 | 0 | _aEstudio historico sobre los Canaris.--Ligeras reflexiones sobre las razas indigenas.--Los aborigenes de Imbabura y del Carchi.--De historia eclesiastica del Ecuador.--La iglesia durante el gobierno de los reyes de Espana.--La poesia en America.--La poesia y la historia.--Bellaza literaria de la Biblia.--La poesia epica cristiana. | |
| 700 | 1 |
_aLarrea, Carlos Manuel, _d1887- _eed. _936459 |
|
| 910 | _aCatalogación derivada | ||
| 999 |
_c15880 _d15880 |
||